MARC

LEADER 00000nam0a2200000 4500
001 267202
005 20231101234050.0
020 |a RU  |b 86-98058 
035 |a (RuTPU)RU\TPU\book\290256 
090 |a 267202 
100 |a 20140724d1986 k a0rusy5003 ca 
101 0 |a rus 
102 |a BY 
105 |a y z 001zy 
200 1 |a Интенсификация академической науки  |e в условиях союзных республик  |f Г. А. Несветайлов  |g Академия наук Белорусской ССР (АН БССР), Институт экономики (ИЭ) 
210 |a Минск  |c Наука и техника  |d 1986 
215 |a 214 с. 
320 |a Библиогр.: с. 204-213 (199 назв.) 
606 1 |a Наука  |2 stltpush  |3 (RuTPU)RU\TPU\subj\45070  |9 64332 
610 1 |a Академии наук 
610 1 |a союзные республики 
610 1 |a интенсификация 
610 1 |a производство 
610 1 |a академическая наука 
610 1 |a исследования 
686 |a Ч214(2)71  |2 rubbk 
700 1 |a Несветайлов  |b Г. А.  |g Геннадий Александрович  |4 070 
712 0 2 |a Академия наук Белорусской ССР (АН БССР)  |b Институт экономики (ИЭ)  |c (Минск)  |2 stltpush  |3 (RuTPU)RU\TPU\col\11344 
801 0 |a RU  |b RuMRKP  |c 19950417  |g psbo 
801 1 |a RU  |b 63413507  |c 20140724 
801 2 |a RU  |b 63413507  |c 20151105  |g RCR 
942 |c BK